000 00668nam a22002177a 4500
003 00
005 20240607162411.0
008 240607b |||||||| |||| 00| 0 eng d
020 _a978-999-892-9-7
040 _aBUAC
_bBUC
_cFre
100 _aSangnidjo Expédi G.
245 _aGuide de comptabilité << Le secret>> :
_bLa comptabilité générale
_cExpédi G. Sangnidjo
250 _aéd. 4ème
260 _aAbomey-Calavi
_bOhada
_c2018
300 _a709
_bCouv. en coul
_c26 cm
630 _aSCIENCES APPLIQUEES .MEDECINE. TECHNOLOGIE
650 _aCOMPTABILITE
651 _aComptabilité : manuel
651 _aComptabilité : enseignement
942 _2ddc
_cLBA
999 _c63425
_d63425